书目信息 |
| 题名: |
俄罗斯人民艺术家
|
|
| 作者: | 索科洛夫 绘 | |
| 分册: | 索科洛夫 | |
| 出版信息: | 济南 山东美术出版社 2011.06 |
|
| 页数: | 126页 | |
| 开本: | 30cm | |
| 丛书名: | ||
| 单 册: | ||
| 中图分类: | J233(512) | |
| 科图分类: | ||
| 主题词: | 油画--作品集--俄罗斯--现代 , 油画 | |
| 电子资源: | ||
| ISBN: | 978-7-5330-3464-1 | |
| 000 | 01008oam2 2200265 450 | |
| 001 | 010050019164 | |
| 005 | 20140612094145.59 | |
| 010 | @a978-7-5330-3464-1@dCNY80.00 | |
| 100 | @a20120104d2011 em y0chiy0110 ea | |
| 101 | 2 | @achi@arus |
| 102 | @aCN@b370000 | |
| 105 | @aaf z 000yy | |
| 106 | @ar | |
| 200 | 1 | @a俄罗斯人民艺术家@9e luo si ren min yi shu jia@i索科洛夫@dНародный художник российской феделации@iВ.В.Соколов@zrus |
| 210 | @a济南@c山东美术出版社@d2011.06 | |
| 215 | @a126页@c照片,图版@d30cm | |
| 300 | @a俄罗斯经典绘画 | |
| 330 | @a本书主要内容包括:画家寄语、画家自述、画家简历、图版。 | |
| 510 | 1 | @aНародный художник российской феделации@iВ.В.Соколов@zrus |
| 606 | 0 | @a油画@x作品集@y俄罗斯@z现代 |
| 606 | 0 | @a油画 |
| 690 | @aJ233(512)@v4 | |
| 701 | 0 | @c(俄)@a索科洛夫@9suo ke luo fu@c(Соколов, В.@f1915~)@4绘 |
| 801 | 0 | @aCN@bNLC@c20120210 |
| 905 | @b549326-28@dJ233(512)@e99@f3 | |
| 俄罗斯人民艺术家.索科洛夫=Народный художник российской феделации.В.В.Соколов.-济南:山东美术出版社,2011.06 |
| 126页:照片,图版;30cm |
| 俄罗斯经典绘画 |
| ISBN 978-7-5330-3464-1:CNY80.00 |
| 本书主要内容包括:画家寄语、画家自述、画家简历、图版。 |
| ● |
| 相关链接 |
|
|
|
|
正题名:俄罗斯人民艺术家
索取号:J233(512)/99
 
预约/预借
| 序号 | 登录号 | 条形码 | 馆藏地/架位号 | 状态 | 备注 |
| 1 | 549326 | 205493269 | 第一样本阅览室/ [索取号:J233(512)/99] | 在馆 | |
| 2 | 549327 | 205493278 | 第一借阅区/ [索取号:J233(512)/99] | 在馆 | |
| 3 | 549328 | 205493287 | 第一借阅区/ [索取号:J233(512)/99] | 在馆 |